000 00596nam a2200241 a 4500
001 nice12345678
003 IN_TiNIC
005 20260116011432.0
008 050524s1928 lona grp 000 0 per
020 _a
_c100
082 0 0 _a297.4
_bJAM3
100 _aJami, Nooruddin Abdur Rahm
245 _aLawa`ih
_b Treatise on Sufism
260 _aLondon
_bRoyal Asiatic Society
_c1928
300 _a61p
500 _aincludes index and biblioraphy
505 2 _aIndex
650 _aSufism-Tract
700 1 _aJami, Nooruddin Abdur Rahm
902 _bSRS
942 _cBK
999 _c1506
_d1506